00605nam a2200205Ia 4500008004100000041001200041082001000053082001100063100001800074100001100092245006300103260001200166260003100178260000900209300001500218650002200233942000700255999001900262952011800281150901s9999 xx 000 0 und d aEnglish a581.3 bPUR/HO aPurohit S S  eEditor aHormonal regulation of a Plant growth and development V.3 aBikaner bAgro Botanical Publishers c1986 a415 Pages aPlant Development cBK c238318d238318 00104070aKAUCOAbKAUCOAd2022-03-03l0o581.3 PUR/HOpKAU-COA-22524 r2015-09-16 00:00:00w2015-09-16yBK